|
|
|
|
| LEADER |
00000nam2a2200000 4500 |
| 001 |
368225 |
| 005 |
20231102012049.0 |
| 035 |
|
|
|a (RuTPU)RU\TPU\retro\25588
|
| 035 |
|
|
|a RU\TPU\retro\25582
|
| 090 |
|
|
|a 368225
|
| 100 |
|
|
|a 20220404d1976 k y0rusy50 ca
|
| 101 |
0 |
|
|a rus
|
| 102 |
|
|
|a RU
|
| 105 |
|
|
|a a z 001zy
|
| 200 |
0 |
|
|a Химия и технология азотных удобрений. Совершенствование производства азотных удобрений
|v Вып. 39
|
| 210 |
|
|
|d 1976
|
| 215 |
|
|
|a 117 с.
|c ил.
|
| 320 |
|
|
|a Библиография в конце статей
|
| 461 |
|
1 |
|0 (RuTPU)RU\TPU\retro\24961
|t Труды государственного научно-исследовательского и проектного института азотной промышленности
|v Вып. 39
|d 1952-1977
|
| 606 |
1 |
|
|a Азотная промышленность в целом
|2 stltpush
|3 (RuTPU)RU\TPU\subj\32154
|9 54797
|
| 606 |
1 |
|
|a Азотные удобрения
|x Производство
|x Автоматизация
|2 stltpush
|3 (RuTPU)RU\TPU\subj\32174
|9 54807
|
| 610 |
1 |
|
|a нитрат аммония
|
| 610 |
1 |
|
|a кремнийорганические вещества
|
| 610 |
1 |
|
|a взаимодействия
|
| 610 |
1 |
|
|a температура кристаллизации
|
| 610 |
1 |
|
|a нитрат карбамида
|
| 610 |
1 |
|
|a рентгенографические исследования
|
| 610 |
1 |
|
|a хлориды
|
| 610 |
1 |
|
|a десорбция
|
| 610 |
1 |
|
|a математическая закономерность
|
| 610 |
1 |
|
|a температурная зависимость
|
| 610 |
1 |
|
|a водные растворы
|
| 610 |
1 |
|
|a нитраты
|
| 610 |
1 |
|
|a нитрозные газы
|
| 610 |
1 |
|
|a охлаждение
|
| 610 |
1 |
|
|a калориметры
|
| 610 |
1 |
|
|a лепестковые грануляторы
|
| 610 |
1 |
|
|a обменные процессы
|
| 610 |
1 |
|
|a системы уравнений
|
| 610 |
1 |
|
|a аммиак
|
| 610 |
1 |
|
|a переработка
|
| 610 |
1 |
|
|a упаривание
|
| 610 |
1 |
|
|a минеральные удобрения
|
| 610 |
1 |
|
|a башенные системы
|
| 610 |
1 |
|
|a гранулирование
|
| 610 |
1 |
|
|a механизмы
|
| 610 |
1 |
|
|a гидродинамические исследования
|
| 610 |
1 |
|
|a персоналии
|
| 675 |
|
|
|a 661.5
|v 3
|
| 675 |
|
|
|a 661.52
|v 3
|
| 801 |
|
1 |
|a RU
|b 63413507
|c 20130206
|
| 801 |
|
2 |
|a RU
|b 63413507
|c 20220404
|g RCR
|
| 942 |
|
|
|c BK
|